Imiona argentyńskich piłkarzy z gry FIFA 20 - Statystyki

Ogólne statystyki
  • Ten quiz został rozwiązany 294 razy
    275 od ostatniego zresetowania
  • Średni wynik to 12 z 24
Statystyki odpowiedzi
Nazwisko Imię % Poprawnych
Messi Lionel
100%
Dybala Paulo
100%
Di Maria Angel
95%
Maradona Diego
95%
Mascherano Javier
87%
Zanetti Javier
84%
Aguero Sergio
82%
Higuain Gonzalo
78%
Correa Angel
76%
Tevez Carlos
74%
Pastore Javier
73%
Icardi Mauro
71%
Valeri Diego
63%
Crespo Hernan
63%
Martinez Lautaro
63%
Foyth Juan
61%
Otamendi Nicolas
60%
Perotti Diego
58%
Lamela Erik
57%
Banega Ever
56%
Torsiglieri Marco
46%
Acuna Marcos
44%
Riquelme Juan Roman
41%
Gaitan Nicolas
40%
Tagliafico Nicolas
39%
Lo Celso Giovanni
35%
Zarate Mauro
35%
Veron Juan Sebastian
33%
Dominguez Nicolas
33%
Paredes Leandro
29%
Garay Ezequiel
26%
Correa Joaquin
25%
Biglia Lucas
16%
Fazio Federico
14%
Gomez Alejandro
13%
Salvio Eduardo
12%
Musacchio Mateo
12%
Pavon Cristian
11%
Lanzini Manuel
11%
Ansaldi Cristian
10%
Lopez Lisandro
9%
Pereyra Roberto
9%
Battaglia Rodrrigo
9%
Perez Enzo
6%
Palacios Exequiel
6%
Acosta Lucian
5%
Abraham David
0%
Bustos Fabricio
0%
Piatti Ignacio
0%
Saravia Renzo
0%
Nie znaleziono quizów pasujących do podanych kryteriów
Rozkład punktacji
Procent ludzi z każdym wynikiem
Percentyl według liczby udzielonych odpowiedzi
Twoja historia wyników
Nie rozwiązałeś tego quizu od ostatniego zresetowania